| 000 | 00335nam a2200109Ia 4500 | ||
|---|---|---|---|
| 008 | 220204s9999 xx 000 0 und d | ||
| 082 |
_a338.45.01 _bBAG |
||
| 245 | 0 | _aEconomy and organization : Indian institution under the neoliberal regime | |
| 260 |
_aNew Delhi _bSage Publications _c1999 |
||
| 700 | _aBagchi, Amiya Kumar | ||
| 942 | _cBK | ||
| 999 |
_c41675 _d41675 |
||